Edwin Hill and Partners v First National Finance Corporation (Record no. 8001)

MARC details
000 -LEADER
fixed length control field 01440cab a2200181 4500
001 - CONTROL NUMBER
control field ABS38815
008 - FIXED-LENGTH DATA ELEMENTS--GENERAL INFORMATION
fixed length control field 090401t1988 xxu||||| |||| 00| 0 eng d
035 ## - SYSTEM CONTROL NUMBER
System control number (Sirsi) u12518
041 ## - LANGUAGE CODE
Language code of text/sound track or separate title eng
245 ## - TITLE STATEMENT
Title Edwin Hill and Partners v First National Finance Corporation
260 ## - PUBLICATION, DISTRIBUTION, ETC.
Date of publication, distribution, etc. 1988
350 ## - PRICE (NR) (BK AM CF MU VM SE) [OBSOLETE]
Price 0
490 ## - SERIES STATEMENT
Series statement Estates Gazette
Volume/sequential designation (8807) 20 February 1988, 75-82(5)
520 ## - SUMMARY, ETC.
Summary, etc. QBD 31 July 1987. Action for damages by chartered surveyors (E) against bank (F), alleging actionable interference of their contractual rights . The action arose out of the development of a London office block funded by F and purchased by Leakcliffe Properties (L). E was appointed by L as architects . When F agreed to fund the development, the terms did not reserve to F any right to appoint an architect. However, a mortgage taken out to secure F`s investment, provided that if L defaulted on repayment and a receiver was appointed, his powers would include employment of architects to finish the work. Following the 1974 property market crash, finance was not easy to find. Eventually F, who had provided the finance to enable the site to be purchased and had a legal charge on the property, decided to carry out the development themselves. However, they made a condition that other architects and letting agents should be appointed in E`s place. The judge summarised the essential ingredients
690 ## - LOCAL SUBJECT ADDED ENTRY--TOPICAL TERM (OCLC, RLIN)
Topical term or geographic name as entry element LAW
942 ## - ADDED ENTRY ELEMENTS (KOHA)
Suppress in OPAC 0
948 ## - LOCAL PROCESSING INFORMATION (OCLC); SERIES PART DESIGNATOR (RLIN)
c (OCLC) 04/03/1997
Holdings
Withdrawn status Lost status Source of classification or shelving scheme Damaged status Not for loan Home library Current library Shelving location Date acquired Total Checkouts Full call number Barcode Date last seen Copy number Price effective from Koha item type
    Dewey Decimal Classification     London London Journal article 14/09/1999   ABS38815 12518-1001 06/08/2019 1 06/08/2019 Law report